Κατάλογος Βιβλιοθηκών Mediterranean College

Dancing in the Distraction Factory / Music Television and Popular Culture (Record no. 5506)

MARC details
000 -LEADER
fixed length control field 01387cam a22002054a 4500
005 - ΗΜΕΡΟΜΗΝΙΑ ΚΑΙ ΩΡΑ ΤΕΛΕΥΤΑΙΑΣ ΕΝΗΜΕΡΩΣΗΣ
Πεδίο ελέγχου 20250605164214.0
008 - FIXED-LENGTH DATA ELEMENTS--GENERAL INFORMATION
Πεδίο ελέγχου σταθερού μήκους 250528s ||||||||||||||||||||||||d
035 ## - SYSTEM CONTROL NUMBER
System control number 20395
020 ## - ISBN
ISBN 415091705
040 ## - ΠΗΓΗ ΚΑΤΑΛΟΓΟΓΡΑΦΗΣΗΣ
Φορέας πρωτότυπης καταλογογράφησης MC Athens Campus Library
Γλώσσα καταλογογράφησης Ελληνικά, Μοντέρνα (1453-)
Modifying agency MC Athens Campus Library
Κανόνες περιγραφικής καταλογογράφησης AACR2
245 1# - ΤΙΤΛΟΣ ΚΑΙ ΔΗΛΩΣΗ ΥΠΕΥΘΥΝΟΤΗΤΑΣ
Τίτλος Dancing in the Distraction Factory / Music Television and Popular Culture
260 ## - PUBLICATION, DISTRIBUTION, ETC.
Name of publisher, distributor, etc. Rouledge,
Date of publication, distribution, etc. 1993
300 ## - PHYSICAL DESCRIPTION
Extent 240
505 0# - FORMATTED CONTENTS NOTE
Formatted contents note Acknowledgements, Author's Note, Introduction, Silence! Academics at Work, From Anarchy to Chromakey Developments in Music Television, A Musicology of the Image, The Structure of Music Video Rethinking Narrative Analysis, Metanarratives of Stardom and Identity, A Televisual Context: MTV, Aesthetics and Politics in Music Television Postmodernism Reconsidered, Concluding Thoughts, Music Television Time Line, Notes, Bibliography, Index.
520 ## - SUMMARY, ETC.
Summary, etc. Acknowledgements, Author's Note, Introduction, Silence! Academics at Work, From Anarchy to Chromakey Developments in Music Television, A Musicology of the Image, The Structure of Music Video Rethinking Narrative Analysis, Metanarratives of Stardom and Identity, A Televisual Context: MTV, Aesthetics and Politics in Music Television Postmodernism Reconsidered, Concluding Thoughts, Music Television Time Line, Notes, Bibliography, Index.
700 1# - ΠΡΟΣΘΕΤΗ ΑΝΑΓΡΑΦΗ--ΦΥΣΙΚΟ ΠΡΟΣΩΠΟ
Personal name Goodwin Andrew
9 (RLIN) 6375
942 ## - ADDED ENTRY ELEMENTS (KOHA)
Koha item type Books
Holdings
Τύπος τεκμηρίου Βιβλιοθήκη Τρέχουσα τοποθεσία Barcode Αριθμός εισαγωγής Ημερομηνία απόκτησης Ταξιθετικό σύμβολο Αριθμός αντιτύπου Κατάσταση απόσυρσης Κατάσταση χαμένου Κατάσταση κατεστραμμένου Μη δανεισμός Σύνολο δανεισμών Ημερομηνία τελευταίας εμφάνισης Η τιμή ισχύει από
Books MC Athens Campus Library MC Athens Campus Library 9780000055057 6869 05/06/2025 791.45/657 GOO 1           05/06/2025 05/06/2025

MC Athens Campus Library
Πατησίων 94 & Κοδριγκτώνος 13, 104 34
Πελλήνης 8 & Πατησίων 107, 112 51
Τ: +30 210 8899600

MC Thessaloniki Campus Library
Ίωνος Δραγούμη 21, 54625 | Ίωνος Δραγούμη 15, 54625
Τ: +30 2310 287779 – Τ: +30 2314 440300